000 01095nam0a22002771 4500
001 rc\4337950
005 20250612052828.0
021 _aRU
_b[57-35734]
035 _a(NLR Aleph) 008521847
090 _a8233454
_c8233454
100 _a20130416d1957 |||y0rusy50 ca
101 0 _arus
102 _aRU
105 _aa z |||||
200 1 _aО некоторых закономерностях гравитационного поля Земли и их значении для геодезии и геофизики
_fАкад. наук Укр. ССР. Сейсмич. сектор
210 _aКиев
_cИзд-во Акад. наук УССР
_d1957
215 _a72 с., 2 л. схем.
_cчерт.
_d22
320 _aБиблиогр.: с. 70-71 (33 назв.)
606 _aГравиметрические исследования
_2psbo
606 _aГравитационное поле
_2psbo
700 1 _aЕвсеев
_bС.В.
_gСергей Васильевич
801 0 _aRU
_bNLR
_gpsbo
801 1 _aRU
_bELAR
_2rusmarc
852 _aNLR
_j57-5/2515
942 _cBOOK
980 _aNB